000
00312nam a2200133Ia 4500
008
240624s9999 xx 000 0 und d
041
_a
eng
082
_a
382 RAO
100
_a
RAO P K
245
_a
WTO TEXT AND CASES
260
_c
2005
_a
New Delhi
_b
Excel Books
300
_a
xiii, : 512 : cm. ; 24
365
_c
RS
999
_c
2372
_d
2372